| 000 | 01774pam a2200385 i 4500 | ||
|---|---|---|---|
| 999 |
_c64405 _d64405 |
||
| 001 | 4835053 | ||
| 003 | CO-MdFUSB | ||
| 005 | 20180817115048.0 | ||
| 008 | 900328t1990 miua g b 001 0 eng | ||
| 010 | _a 90035562 | ||
| 020 | _a0802804853 | ||
| 040 |
_aDLC _cCO-MdFUSB _dCO-MdFUSB _bspa _erda |
||
| 041 | _aeng | ||
| 082 | 0 | 0 |
_224 _aG 231.7652 _bV282p |
| 245 | 0 | 0 |
_aPortraits of creation _b: Biblical and scientific perspectives on the world's formation _c/ Howard J. Van Till, Robert E. Snow, John H. Stek, Davis A. Young |
| 264 | 1 |
_aGrand Rapids, Michigan : _bW.B. Eerdmans Pub. Co., _c℗1990 |
|
| 264 | 4 | _c©1990 | |
| 300 |
_ax, 285 páginas : _bilustraciones ; _c23 cm. |
||
| 336 |
_2rdacontent _atexto _btxt |
||
| 337 |
_2rdamedia _asin mediación _bn |
||
| 338 |
_2rdacarrier _avolumen _bnc |
||
| 501 | _aIncluye índices (páginas 278- 285) | ||
| 505 | _a¿Dónde estamos? Tensiones percibidas entre cosmogonías bíblicas y científicas -- ¿Cómo llegamos aquí? Un breve esbozo del trasfondo histórico de la tensión ciencia-teología -- El descubrimiento de la historia terrestre -- La investigación científica de la historia cósmica -- El carácter de la ciencia natural contemporánea -- Una crítica del movimiento de la ciencia de la creación -- ¿Que dice el Sagrada Escritura? -- Epílogo: ¿A dónde vamos desde aquí? | ||
| 650 | 7 |
_aCreación _9251 |
|
| 650 | 0 | _aCreationism. | |
| 700 | 1 |
_aVan Till, Howard J., _d1938- |
|
| 720 | _aSnow, Robert E. | ||
| 720 | _aStek, John H. | ||
| 720 | _aYoung, Davis A. | ||
| 906 |
_a7 _bcbc _corignew _d1 _eocip _f19 _gy-gencatlg |
||
| 942 | _cBK | ||